000 01391nam a22003017a 4500
003 DO-SdBNP
005 20210420075659.0
008 171113b 2000 dr 00| 0 spa d
020 _a9993439310
040 _aBPMSU
_bspa
_cBPMSU
082 _a467. 97293
_bA325n, 2000
_222
100 1 _aAlba, Orlando
_d1948-
245 1 0 _aNuevos aspectos del español en Santo Domingo /
_cOrlando Alba ; prólogo Manuel Alvar
260 _aSanto Domingo :
_bLibrería la Trinitaria,
_c2000.
300 _a172 p. :
_bils.,gráfs., tablas ;
_c21 cm.
500 _aIncluye referencias bibliográficas y notas al pie de las páginas.
500 _aIncluye datos biográficos del autor en las solapas.
504 _aBibliografía : p.165-172
505 0 _aPresentación -- Prólogo -- El español dominicano en pocas palabras -- Variación de la s en las noticias de televisión -- Elisión de la d intervocálica postónica -- Densidad de anglicismos en el léxico disponible -- Variable léxica y comparación dialectal -- La densidad léxica en las noticias de televisión -- Apéndice: una entrevista periodística -- Bibliografía.
590 _6Inventariado, 2021/VM
650 4 _aDominicanismo
650 4 _aEspañol en República Dominicana
650 4 _aEspañol
_xDialectos
_zRepública Dominicana
651 _a
700 1 _aAlvar, Manuel,
_epról.
910 _aVMateo
942 _2ddc
_cBK
999 _c12877
_d12877